000 00404nam a2200157 i 4500
001 bg
100 1 _aCzarnecki, Witold
_d1927- ).
245 0 _aBudownictwo rolnicze /
_cWitold Czarnecki, Henryk Czyżewski.
260 _aBydgoszcz,
_c1980.
700 1 _aCZYŻEWSKI, Henryk
040 _cBPK
041 _apol
080 _a69:631.2(075.8)
942 _cKS
008 s pl f |000 0 pol
999 _c19638
_d19638
856 _uhttp://koha.tu.koszalin.pl/cgi-bin/koha/opac-detail.pl?biblionumber=19638
_yKatalog online BPK